01328nam a2200241 a 450000500170000000800410001704100080005809000210006610000380008724502190012526000540034430000110039852004000040965000260080965000170083565000200085265000220087266200340089494200160092894500150094477301120095999900150107120130719031930.0130719b xxu||||| |||| 00| 0 spa d aspa aIAVHb00765 CD-1 aDiaz Manzano, Diego Mauricio9596 aTransferencia metodológica para el diagnóstico de la oferta y demanda de los bejucos utilizados en la región de Filandia Quindíoblineamientos para el desarrollo de un plan de manejo de los bejucos útiles aQuindíobInstituto Alexander von Humboldtc2005 a15 p. aSe consolida una metodología para la valoración cuantitativa de la oferta y la demanda de los bejucos utilizados en cestería. Se documental el diseño y la realización del diagnóstico de la oferta y la demanda de bejucos utilizados en la región de Finlandia-Quindío. Se establecen los lineamientos para el desarrollo de un plan de manejo participativo de bejucos a nivel regional. aOferta y demanda9597 aBejucos9598 aCestería9599 aArtesanías9600 aColombiadFilandiabQuindío 2ddccCD-ROM d2007-08-160 0598699704abdBogotá Informatica documental 2007o024802tInformes de investigaciones IAVH en PDFwxz c6019d6019